Строительство предприятий угольной промышленности (Запись № 4592235)

Подробности
000 -МАРКЕР
контрольное поле 20001nas1a22012011i 4500
001 - ИДЕНТИФИКАТОР ЗАПИСИ
контрольное поле RU\NLR\INFOCOMM7\5000020080
005 - ИДЕНТИФИКАТОР ВЕРСИИ
контрольное поле 20240723105305.0
035 ## - ДРУГИЕ СИСТЕМНЫЕ НОМЕРА
Идентификатор записи (NLR Aleph) 002377858
100 ## - ДАННЫЕ ОБЩЕЙ ОБРАБОТКИ
Данные общей обработки 20041208c1981 |||y0rusy50 ca
101 0# - ЯЗЫК РЕСУРСА
Язык текста, звукозаписи и т.д. русский
102 ## - СТРАНА ПУБЛИКАЦИИ ИЛИ ПРОИЗВОДСТВА
Страна публикации российская федерация
110 ## - ПОЛЕ КОДИРОВАННЫХ ДАННЫХ: ПРОДОЛЖАЮЩИЕСЯ РЕСУРСЫ
Кодированные данные продолжающегося ресурса ayuzz 0|y|
200 1# - ЗАГЛАВИЕ И СВЕДЕНИЯ ОБ ОТВЕТСТВЕННОСТИ
Основное заглавие Строительство предприятий угольной промышленности
Сведения, относящиеся к заглавию Обзор
Первые сведения об ответственности ЦНИИ экономики и НТИ угол. пром-сти (ЦНИЭИуголь), ЦБНТИ М-ва угол. пром-сти УССР (ЦБНТИ Минуглепрома УССР)
210 ## - ПУБЛИКАЦИЯ, РАСПРОСТРАНЕНИЕ И ДР.
Место издания, распространения и т.д. М.
Дата издания, распространения и т.д. 1981-
300 ## - ОБЩИЕ ПРИМЕЧАНИЯ
Текст примечания В надзаг. также: М-во угол. пром-сти СССР
430 #0 - ПРОДОЛЖЕН
Встроенное поле 2001#$aЗарубежная угольная промышленность$iСерия "Строительство предприятий угольной промышленности"
Заглавие Зарубежная угольная промышленность
430 #0 - ПРОДОЛЖЕН
Встроенное поле 2001#$aОбзор$iСерия "Строительство предприятий угольной промышленности"
Заглавие Обзор
801 #1 - ИСТОЧНИК ЗАПИСИ
Страна российская федерация
Организация InfoComm
Дата составления 20041214
801 #0 - ИСТОЧНИК ЗАПИСИ
Страна российская федерация
Организация NLR
Правила каталогизации PSBO
852 ## - МЕСТОНАХОЖДЕНИЕ И ШИФР ХРАНЕНИЯ
Идентификатор организации NLR
Шифр хранения (Call Number) П10/5853
942 ## - ДОПОЛНИТЕЛЬНЫЕ ЭЛЕМЕНТЫ ЗАПИСИ (АБИС)
Тип экземпляра АБИС Журнал
980 ## - КОЛЛЕКЦИЯ
Название коллекции Русская периодика

Нет доступных экземпляров.